000 00687nam a2200241Ia 4500
003 IN-BaIIA
008 211028s9999 xx 000 0 eng d
020 _a3-540-43102-0
040 _cIIA Library
080 _a524.3-52(082.2)
_bPAL
100 _aPalla, F
_926278
245 0 _aPhysics of star formation in galaxies
_cF. Palla and H. Zinnecker
260 _aBerlin
_bSpringer-Verlag
_c2002
300 _axii, 232p.
490 _aSaas - Fee advanced courses; 29
650 _aPMS stars
_926279
650 _aProtostars
_910852
650 _aStar formation
650 _aYoung binaries
_926280
650 _aYoung clusters
_926281
700 _aZinnecker, H
_926282
942 _cBK
999 _c14702
_d14702